[Event "FRA-ch Accession"]
[Site "Albi"]
[Date "2022.08.17"]
[Round "5"]
[White "Philippe, Guillaume"]
[Black "Hutois, Mickael"]
[Result "1/2-1/2"]
[WhiteElo "2392"]
[BlackElo "2275"]
[PlyCount "79"]
[EventDate "2022.08.13"]
[EventType "swiss"]
[EventRounds "9"]
[EventCountry "FRA"]
[SourceTitle "CBM 210 Extra"]
[Source "ChessBase"]
[SourceDate "2022.11.30"]
[SourceVersion "1"]
[SourceVersionDate "2022.11.30"]
[SourceQuality "1"]

1. b3 e5 2. Bb2 Nc6 3. c4 Nf6 4. e3 d5 5. cxd5 Nxd5 6. a3 Be6 7. b4 Bd6 8. d3 0-0 9. Nf3 a6 10. Be2 f5 11. Nbd2 Qf6 12. Qc2 Rae8 13. 0-0 Qh6 14. Nc4 Bf7 15. Rad1 Re6 16. d4 e4 17. Nfe5 Bxe5 18. Nxe5 Nxe5 19. dxe5 Rg6 20. Kh1 Rc6 21. Qd2 f4 22. Qd4 Rc2 23. Bc4 c6 24. Bb3 Re2 25. exf4 Nxf4 26. Bxf7+ Rxf7 27. Bc1 Qe6 28. Bxf4 Rxf4 29. h3 h6 30. Qd6 Qxd6 31. exd6 Rf8 32. Rfe1 Rexf2 33. Rxe4 Rd8 34. Kh2 Rd7 35. Kg3 Rf6 36. Re7 Rdxd6 37. Rxd6 Rxd6 38. Rxb7 Rd3+ 39. Kh2 Rxa3 40. Rb6 1/2-1/2

[Event "FRA-ch Accession"]
[Site "Albi"]
[Date "2022.08.16"]
[Round "4"]
[White "Monroy, Charles"]
[Black "Hutois, Mickael"]
[Result "0-1"]
[WhiteElo "2407"]
[BlackElo "2275"]
[PlyCount "86"]
[EventDate "2022.08.13"]
[EventType "swiss"]
[EventRounds "9"]
[EventCountry "FRA"]
[SourceTitle "CBM 210 Extra"]
[Source "ChessBase"]
[SourceDate "2022.11.30"]
[SourceVersion "1"]
[SourceVersionDate "2022.11.30"]
[SourceQuality "1"]

1. Nf3 d5 2. d4 Nf6 3. c4 dxc4 4. Qa4+ Nbd7 5. g3 a6 6. Qxc4 b5 7. Qb3 c5 8. Bg2 Bb7 9. 0-0 e6 10. a4 cxd4 11. axb5 Qb6 12. Qc4 Rc8 13. Qxd4 Bc5 14. Qf4 axb5 15. Nbd2 0-0 16. Nb3 Nd5 17. Qh4 Be7 18. Bg5 f6 19. Bd2 f5 20. Bg5 Rc4 21. Qh3 Bxg5 22. Nxg5 h6 23. Nf3 Rb4 24. Ra3 Ne3 25. Nc5 Nxc5 26. Rxe3 Rxb2 27. Ne5 Rd2 28. Qh5 Bxg2 29. Kxg2 Ne4 30. Rc1 Qb7 31. Kg1 Qd5 32. Ng6 Rd1+ 33. Rxd1 Qxd1+ 34. Kg2 Nd2 35. g4 Qf1+ 36. Kg3 Qg1+ 37. Kh3 fxg4+ 38. Qxg4 Qf1+ 39. Qg2 Rxf2 40. Qxf1 Rxh2+ 41. Kg4 Nxf1 42. Rxe6 Kf7 43. Rb6 Rg2+ 0-1

[Event "FRA-chT Top 16 Gp Basse"]
[Site "Chartres"]
[Date "2022.06.18"]
[Round "3.4"]
[White "Hutois, Mickael"]
[Black "Sohier, Julien"]
[Result "1-0"]
[WhiteElo "2245"]
[BlackElo "2218"]
[PlyCount "71"]
[EventDate "2022.06.16"]
[EventType "team-tourn"]
[EventRounds "4"]
[EventCountry "FRA"]
[SourceTitle "CBM 208 Extra"]
[Source "ChessBase"]
[SourceDate "2022.07.31"]
[SourceVersion "1"]
[SourceVersionDate "2022.07.31"]
[SourceQuality "1"]
[WhiteTeam "Echiquier de l'Erdre"]
[BlackTeam "Paris Club 608"]
[WhiteTeamCountry "FRA"]
[BlackTeamCountry "FRA"]

1. e4 e5 2. Nf3 Nc6 3. Bb5 Nf6 4. d3 Bc5 5. c3 0-0 6. 0-0 d6 7. Nbd2 a6 8. Bxc6 bxc6 9. d4 Bb6 10. dxe5 dxe5 11. Nxe5 Re8 12. Ndc4 Qe7 13. Nxc6 Qxe4 14. Nxb6 cxb6 15. Nd4 Bb7 16. f3 Qh4 17. Qd2 b5 18. Qg5 Qxg5 19. Bxg5 Nd5 20. a4 b4 21. c4 Nc7 22. Nb3 Bc8 23. Bf4 Ne6 24. Bd6 Bd7 25. Rfe1 Rac8 26. Na5 Nd4 27. Rxe8+ Bxe8 28. Rd1 Nc6 29. Nxc6 Bxc6 30. b3 h5 31. a5 Bd7 32. Bxb4 Bf5 33. Rd6 Bc2 34. Rxa6 Bxb3 35. c5 Ba4 36. Rb6 1-0

[Event "FRA-chT Top 16 Gp Basse"]
[Site "Chartres"]
[Date "2022.06.16"]
[Round "1.1"]
[White "Abergel, Thal"]
[Black "Hutois, Mickael"]
[Result "0-1"]
[WhiteElo "2387"]
[BlackElo "2245"]
[PlyCount "98"]
[EventDate "2022.06.16"]
[EventType "team-tourn"]
[EventRounds "4"]
[EventCountry "FRA"]
[SourceTitle "CBM 208 Extra"]
[Source "ChessBase"]
[SourceDate "2022.07.31"]
[SourceVersion "1"]
[SourceVersionDate "2022.07.31"]
[SourceQuality "1"]
[WhiteTeam "Tremblay en France"]
[BlackTeam "Echiquier de l'Erdre"]
[WhiteTeamCountry "FRA"]
[BlackTeamCountry "FRA"]

1. d4 Nf6 2. c4 e6 3. Nc3 Bb4 4. Qc2 c5 5. dxc5 0-0 6. a3 Bxc5 7. b4 Be7 8. Bb2 a5 9. b5 b6 10. Nf3 Bb7 11. e3 d6 12. Be2 Nbd7 13. 0-0 Rc8 14. Nd2 Rc7 15. Rfc1 Qa8 16. Bf1 Rfc8 17. Qd1 Nc5 18. Nb3 Nfd7 19. Nxc5 Rxc5 20. Na4 Rg5 21. f4 Rg6 22. g3 h5 23. Kf2 h4 24. g4 h3 25. g5 f6 26. gxf6 Bg2 27. Qh5 Rh6 28. f7+ Kf8 29. Qg4 Rg6 30. Qxg6 Qf3+ 31. Ke1 Qxf1+ 32. Kd2 Qf2+ 33. Kd3 e5 34. fxe5 dxe5 35. Kc3 Bd5 36. Kb3 Qxe3+ 37. Bc3 Rxc4 38. Kb2 Rxa4 39. Rc2 Bxf7 40. Qf5 Nc5 41. Qc8+ Be8 42. Rf1+ Bf6 43. Qd8 Rg4 44. Qd6+ Kg8 45. Qb8 Kf7 46. Qc7+ Kg6 47. Qc8 Bd7 48. Qg8 Rg2 49. Qc4 Be6 0-1

[Event "FRA-chT Top 16 GpB"]
[Site "Chartres"]
[Date "2022.06.15"]
[Round "7.6"]
[White "Boukhris, Yacine"]
[Black "Hutois, Mickael"]
[Result "1/2-1/2"]
[WhiteElo "2183"]
[BlackElo "2245"]
[PlyCount "122"]
[EventDate "2022.06.09"]
[EventType "team-tourn"]
[EventRounds "7"]
[EventCountry "FRA"]
[SourceTitle "CBM 208 Extra"]
[Source "ChessBase"]
[SourceDate "2022.07.31"]
[SourceVersion "1"]
[SourceVersionDate "2022.07.31"]
[SourceQuality "1"]
[WhiteTeam "Agen"]
[BlackTeam "Echiquier de l'Erdre"]
[WhiteTeamCountry "FRA"]
[BlackTeamCountry "FRA"]

1. e4 e5 2. Nf3 Nc6 3. Bb5 a6 4. Ba4 Nf6 5. 0-0 b5 6. Bb3 Bc5 7. a4 Rb8 8. Nxe5 Nxe5 9. d4 Bxd4 10. Qxd4 d6 11. Bf4 c5 12. Qd2 c4 13. Ba2 0-0 14. f3 Qb6+ 15. Be3 Qc7 16. Nc3 Be6 17. Rad1 b4 18. Nd5 Nxd5 19. exd5 Bd7 20. Bd4 Bxa4 21. f4 Nd7 22. Rf3 f6 23. Rh3 Rf7 24. Re1 Nf8 25. Qe2 Re8 26. Qf2 Rxe1+ 27. Qxe1 a5 28. c3 Re7 29. Qf2 Bd7 30. f5 b3 31. Bb1 Qb7 32. Re3 Rxe3 33. Qxe3 Qxd5 34. Be4 Qb5 35. Qf3 a4 36. Bd5+ Kh8 37. Qe4 a3 38. Bxf6 gxf6 39. Qe7 Qxd5 40. Qxf8+ Qg8 41. Qxf6+ Qg7 42. Qd8+ Be8 43. Qxe8+ Qg8 44. Qe7 h6 45. Qxd6 Qg5 46. Qxa3 Qe3+ 47. Kf1 Qd3+ 48. Kf2 Qxf5+ 49. Ke3 Qe5+ 50. Kf3 Qf5+ 51. Ke3 Qe5+ 52. Kf3 Qd5+ 53. Ke3 Kg8 54. Kf2 Qf5+ 55. Ke3 Qe5+ 56. Kf3 Qd5+ 57. Kf2 Qd2+ 58. Kf3 Qd1+ 59. Kf2 Qc2+ 60. Kf3 Qf5+ 61. Ke3 Qe5+ 1/2-1/2

[Event "FRA-chT Top 16 GpB"]
[Site "Chartres"]
[Date "2022.06.14"]
[Round "6.4"]
[White "Hutois, Mickael"]
[Black "Solodovnichenko, Yuri"]
[Result "0-1"]
[WhiteElo "2245"]
[BlackElo "2492"]
[PlyCount "74"]
[EventDate "2022.06.09"]
[EventType "team-tourn"]
[EventRounds "7"]
[EventCountry "FRA"]
[SourceTitle "CBM 208 Extra"]
[Source "ChessBase"]
[SourceDate "2022.07.31"]
[SourceVersion "1"]
[SourceVersionDate "2022.07.31"]
[SourceQuality "1"]
[WhiteTeam "Echiquier de l'Erdre"]
[BlackTeam "Vandoeuvre"]
[WhiteTeamCountry "FRA"]
[BlackTeamCountry "FRA"]

1. e4 c5 2. Nf3 Nc6 3. d4 cxd4 4. Nxd4 Nf6 5. Nc3 d6 6. f3 e6 7. Be3 Be7 8. g4 Nd7 9. Qd2 0-0 10. 0-0-0 Nxd4 11. Bxd4 Ne5 12. Be2 a6 13. h4 b5 14. a3 Nc6 15. g5 Rb8 16. Be3 Qa5 17. Nb1 Qc7 18. h5 b4 19. a4 Na5 20. Qd3 d5 21. g6 dxe4 22. gxh7+ Kh8 23. fxe4 Rd8 24. h6 g6 25. Bd4+ Kxh7 26. Nd2 e5 27. Qf3 Be6 28. Bf2 Rbc8 29. Bd3 Qc6 30. Rdf1 Qxa4 31. Kd1 Rxd3 32. Qxd3 Bg4+ 33. Kc1 Be2 34. Bc5 Qa1+ 35. Nb1 Bg5+ 36. Be3 Bxd3 37. Rxf7+ Kh8 0-1

[Event "FRA-chT Top 16 GpB"]
[Site "Chartres"]
[Date "2022.06.11"]
[Round "3.4"]
[White "Hutois, Mickael"]
[Black "Brailly Vignal, Bastien"]
[Result "1-0"]
[WhiteElo "2245"]
[BlackElo "2361"]
[PlyCount "55"]
[EventDate "2022.06.09"]
[EventType "team-tourn"]
[EventRounds "7"]
[EventCountry "FRA"]
[SourceTitle "CBM 208 Extra"]
[Source "ChessBase"]
[SourceDate "2022.07.31"]
[SourceVersion "1"]
[SourceVersionDate "2022.07.31"]
[SourceQuality "1"]
[WhiteTeam "Echiquier de l'Erdre"]
[BlackTeam "Lyon"]
[WhiteTeamCountry "FRA"]
[BlackTeamCountry "FRA"]

1. e4 c5 2. Nf3 d6 3. d4 cxd4 4. Nxd4 Nf6 5. Nc3 a6 6. Be2 e6 7. Be3 Nbd7 8. g4 h6 9. a4 b6 10. h4 Bb7 11. f3 d5 12. exd5 Nxd5 13. Nxd5 Bxd5 14. Qd2 Ne5 15. 0-0-0 Qd7 16. b3 Bb7 17. f4 Bxh1 18. Rxh1 Ng6 19. f5 Ne5 20. Bf4 Qd5 21. Rd1 Bc5 22. fxe6 0-0 23. exf7+ Kh7 24. Qe3 Qxf7 25. Bxe5 b5 26. Bd3+ Kg8 27. Qe4 g6 28. Rf1 1-0

[Event "Avoine op 35th"]
[Site "Avoine"]
[Date "2021.07.18"]
[Round "8.1"]
[White "Eugene, Floryan"]
[Black "Hutois, Mickael"]
[Result "1-0"]
[WhiteElo "2343"]
[BlackElo "2261"]
[PlyCount "87"]
[EventDate "2021.07.18"]
[EventType "swiss"]
[EventRounds "9"]
[EventCountry "FRA"]
[SourceTitle "EXT 2023"]
[Source "ChessBase"]
[SourceDate "2022.10.05"]
[SourceVersion "1"]
[SourceVersionDate "2022.10.05"]
[SourceQuality "1"]

1. e4 e5 2. Nf3 Nc6 3. Bc4 Nf6 4. d3 Bc5 5. 0-0 a6 6. a4 0-0 7. c3 d5 8. exd5 Nxd5 9. Re1 Bg4 10. h3 Bh5 11. a5 Qd7 12. Nbd2 Nf4 13. Ne4 Nxh3+ 14. Kf1 Ba7 15. Nxe5 Nxe5 16. Qxh5 Nxc4 17. Qxh3 Qxh3 18. gxh3 Ne5 19. d4 Nd3 20. Re3 Nxc1 21. Rxc1 b6 22. Nd2 Rfe8 23. axb6 cxb6 24. Rxe8+ Rxe8 25. Ra1 a5 26. b4 Rc8 27. c4 Kf8 28. Ke2 b5 29. c5 a4 30. Ne4 Bb8 31. Nc3 Bh2 32. Kd3 Rb8 33. Ke4 Ke7 34. f4 h5 35. d5 h4 36. d6+ Ke6 37. f5+ Kf6 38. Kd5 Be5 39. Ne4+ Kxf5 40. Rf1+ Bf4 41. c6 a3 42. c7 Rh8 43. d7 a2 44. c8Q 1-0

[Event "Avoine op 35th"]
[Site "Avoine"]
[Date "2021.07.18"]
[Round "7.9"]
[White "Hutois, Mickael"]
[Black "Porchel, Baptiste"]
[Result "1-0"]
[WhiteElo "2261"]
[BlackElo "1147"]
[PlyCount "75"]
[EventDate "2021.07.18"]
[EventType "swiss"]
[EventRounds "9"]
[EventCountry "FRA"]
[SourceTitle "EXT 2023"]
[Source "ChessBase"]
[SourceDate "2022.10.05"]
[SourceVersion "1"]
[SourceVersionDate "2022.10.05"]
[SourceQuality "1"]

1. e4 e5 2. Nf3 Nc6 3. d4 exd4 4. Nxd4 Bc5 5. Be3 Qf6 6. c3 Nge7 7. g3 d5 8. Bg2 Be6 9. Nxe6 Bxe3 10. Nxc7+ Kd8 11. 0-0 Kxc7 12. fxe3 Qe6 13. exd5 Qxe3+ 14. Kh1 Rad8 15. Na3 Ne5 16. Qd4 Qxd4 17. cxd4 N5g6 18. Rxf7 Kb8 19. Nc4 Nxd5 20. Na5 Nge7 21. Nxb7 Rdf8 22. Raf1 Rxf7 23. Rxf7 Re8 24. Nc5 Nc7 25. Be4 Ned5 26. Rxg7 Nf6 27. Bf3 Rd8 28. Rxc7 Kxc7 29. Ne6+ Kd7 30. Nxd8 Kxd8 31. g4 Kc7 32. g5 Ne8 33. Be4 Kd6 34. h4 Ng7 35. Bxh7 Kd5 36. Bg8+ Kxd4 37. Bf7 Ke5 38. h5 1-0

[Event "FRA-chT Top 12"]
[Site "Chalons en Champagne"]
[Date "2021.07.04"]
[Round "11.1"]
[White "Hutois, Mickael"]
[Black "Domenech, Vianney"]
[Result "1-0"]
[WhiteElo "2261"]
[BlackElo "2265"]
[PlyCount "59"]
[EventDate "2021.06.24"]
[EventType "team-tourn"]
[EventRounds "11"]
[EventCountry "FRA"]
[SourceTitle "CBM 203 Extra"]
[Source "ChessBase"]
[SourceDate "2021.09.30"]
[SourceVersion "1"]
[SourceVersionDate "2021.09.30"]
[SourceQuality "1"]
[WhiteTeam "Echiquier de l'Erdre"]
[BlackTeam "Agenais Echiquier"]
[WhiteTeamCountry "FRA"]
[BlackTeamCountry "FRA"]

1. e4 Nc6 2. Nf3 d6 3. d4 Nf6 4. Nc3 g6 5. Be2 Bg7 6. h3 0-0 7. Be3 a6 8. a4 e5 9. dxe5 dxe5 10. 0-0 h6 11. Qc1 Kh7 12. Rd1 Qe7 13. Ra3 Nd8 14. a5 Bd7 15. b4 Qxb4 16. Nxe5 Qe7 17. Nxd7 Nxd7 18. Nd5 Qxe4 19. Nxc7 Rc8 20. Rxd7 Be5 21. Bf3 Qf5 22. Bg4 Qe4 23. Bxh6 Bxc7 24. Rxc7 Rxc7 25. Bxf8 Kg8 26. Qh6 f5 27. Re3 Qc6 28. Bf3 Qb5 29. Qxg6+ Kxf8 30. Qd6+ 1-0

[Event "Avoine op 35th"]
[Site "Avoine"]
[Date "2021.07.??"]
[Round "6.10"]
[White "Normand, Victor"]
[Black "Hutois, Mickael"]
[Result "0-1"]
[WhiteElo "1957"]
[BlackElo "2261"]
[PlyCount "76"]
[EventDate "2021.07.18"]
[EventType "swiss"]
[EventRounds "9"]
[EventCountry "FRA"]
[SourceTitle "EXT 2023"]
[Source "ChessBase"]
[SourceDate "2022.10.05"]
[SourceVersion "1"]
[SourceVersionDate "2022.10.05"]
[SourceQuality "1"]

1. e4 e5 2. Nc3 Nf6 3. Bc4 Bc5 4. d3 d6 5. Na4 Bb6 6. Nxb6 axb6 7. f4 exf4 8. Bxf4 0-0 9. Bg5 h6 10. Bh4 g5 11. Bg3 d5 12. Bb3 dxe4 13. dxe4 Nxe4 14. Qxd8 Rxd8 15. Bxc7 Re8 16. Ne2 Nc5 17. Bc4 Be6 18. Bxe6 Rxe6 19. Kd1 Nba6 20. Nd4 Re4 21. Nb5 Rb4 22. a4 Nxa4 23. Bg3 Nxb2+ 24. Kc1 Rxb5 25. Rb1 Nc5 26. Rxb2 Ra1+ 27. Kd2 Ne4+ 28. Kd3 Ra3+ 29. Rb3 Raxb3+ 30. cxb3 Nxg3 31. hxg3 Rxb3+ 32. Kc4 Rxg3 33. Rxh6 b5+ 34. Kxb5 Rxg2 35. Kc4 Re2 36. Rb6 Re7 37. Kd5 Kg7 38. Rb5 Kg6 0-1

[Event "FRA-chT Top 12"]
[Site "Chalons en Champagne"]
[Date "2021.06.29"]
[Round "6.6"]
[White "Jones, Gawain C B"]
[Black "Hutois, Mickael"]
[Result "1-0"]
[WhiteElo "2677"]
[BlackElo "2261"]
[PlyCount "63"]
[EventDate "2021.06.24"]
[EventType "team-tourn"]
[EventRounds "11"]
[EventCountry "FRA"]
[SourceTitle "CBM 203 Extra"]
[Source "ChessBase"]
[SourceDate "2021.09.30"]
[SourceVersion "1"]
[SourceVersionDate "2021.09.30"]
[SourceQuality "1"]
[WhiteTeam "Chalons en Champagne"]
[BlackTeam "Echiquier de l'Erdre"]
[WhiteTeamCountry "FRA"]
[BlackTeamCountry "FRA"]

1. Nf3 Nf6 2. c4 e6 3. g3 d5 4. Bg2 Be7 5. 0-0 0-0 6. b3 c6 7. Bb2 Nbd7 8. d3 b5 9. Qc2 Bb7 10. e4 Qb6 11. Re1 Rfd8 12. Nbd2 dxc4 13. bxc4 Nc5 14. d4 Na4 15. e5 Ne8 16. c5 Qa5 17. Nb3 Qc7 18. Bc1 a5 19. Nbd2 f5 20. exf6 Bxf6 21. Ne4 h6 22. Bf4 Qe7 23. Bh3 Bc8 24. Ne5 Ra6 25. Rad1 g5 26. Ng4 Bg7 27. Bd6 Qf7 28. Ne5 Qb7 29. Qb3 Nc7 30. Be7 Rd5 31. Nd6 Qb8 32. Qf3 1-0

[Event "FRA-chT Top 12"]
[Site "Chalons en Champagne"]
[Date "2021.06.27"]
[Round "4.6"]
[White "Hutois, Mickael"]
[Black "Istratescu, Andrei"]
[Result "1/2-1/2"]
[WhiteElo "2261"]
[BlackElo "2553"]
[PlyCount "20"]
[EventDate "2021.06.24"]
[EventType "team-tourn"]
[EventRounds "11"]
[EventCountry "FRA"]
[SourceTitle "CBM 203 Extra"]
[Source "ChessBase"]
[SourceDate "2021.09.30"]
[SourceVersion "1"]
[SourceVersionDate "2021.09.30"]
[SourceQuality "1"]
[WhiteTeam "Echiquier de l'Erdre"]
[BlackTeam "Mulhouse Philidor"]
[WhiteTeamCountry "FRA"]
[BlackTeamCountry "FRA"]

1. e4 c5 2. Nf3 Nc6 3. d4 cxd4 4. Nxd4 Nf6 5. Nc3 d6 6. f3 e5 7. Nb3 Be7 8. Be3 0-0 9. Be2 Be6 10. 0-0 a5 1/2-1/2

[Event "FRA-ch Blitz Online Qual"]
[Site "Europe Echecs INT"]
[Date "2020.05.16"]
[Round "4"]
[White "Hutois, Mickael"]
[Black "Leccia, Antoine"]
[Result "1-0"]
[WhiteElo "2261"]
[BlackElo "1950"]
[PlyCount "81"]
[EventDate "2020.05.16"]
[EventType "swiss (blitz)"]
[EventRounds "15"]
[EventCountry "FRA"]
[SourceTitle "CBM 196 Extra"]
[Source "ChessBase"]
[SourceDate "2020.07.31"]
[SourceVersion "1"]
[SourceVersionDate "2020.07.31"]
[SourceQuality "1"]

1. e4 e5 2. Nf3 Nc6 3. c3 d5 4. Qa4 dxe4 5. Nxe5 Bd7 6. Nxd7 Qxd7 7. Qxe4+ Be7 8. Bb5 Nf6 9. Bxc6 Nxe4 10. Bxd7+ Kxd7 11. 0-0 Rad8 12. d4 Bd6 13. Nd2 Nxd2 14. Bxd2 Rhe8 15. Rae1 c6 16. g3 Re7 17. Rxe7+ Bxe7 18. Re1 Bd6 19. f4 f5 20. Kf2 Re8 21. Rxe8 Kxe8 22. Ke3 Kf7 23. c4 Ke6 24. Kd3 g6 25. Ba5 b6 26. Bc3 Be7 27. a3 g5 28. fxg5 Bxg5 29. Bd2 Bf6 30. Bf4 a6 31. b4 b5 32. Bc7 Bg5 33. Bf4 Bf6 34. Bd2 Bd8 35. Bc3 Bg5 36. a4 Be7 37. d5+ cxd5 38. cxb5 axb5 39. a5 Bd8 40. a6 Bb6 41. Bd4 1-0

[Event "FRA-ch Blitz Online Qual"]
[Site "Europe Echecs INT"]
[Date "2020.05.16"]
[Round "14"]
[White "Hutois, Mickael"]
[Black "Marcelin, Cyril"]
[Result "0-1"]
[WhiteElo "2261"]
[BlackElo "2444"]
[PlyCount "54"]
[EventDate "2020.05.16"]
[EventType "swiss (blitz)"]
[EventRounds "15"]
[EventCountry "FRA"]
[SourceTitle "CBM 196 Extra"]
[Source "ChessBase"]
[SourceDate "2020.07.31"]
[SourceVersion "1"]
[SourceVersionDate "2020.07.31"]
[SourceQuality "1"]

1. e4 c6 2. d4 g6 3. c4 Bg7 4. Nc3 d6 5. f4 Qb6 6. Nf3 Bg4 7. e5 Nh6 8. Na4 Qa5+ 9. Bd2 Bxf3 10. Bxa5 Bxd1 11. Rxd1 Nf5 12. Kf2 h5 13. g3 Na6 14. Bh3 b6 15. Be1 c5 16. Bxf5 gxf5 17. Bc3 cxd4 18. Bxd4 dxe5 19. fxe5 0-0-0 20. Rhe1 Nb4 21. Bc3 Nd3+ 22. Ke3 Nxe1 23. Rxe1 e6 24. Bd4 Bh6+ 25. Kd3 Rxd4+ 26. Kxd4 Rd8+ 27. Kc3 Bd2+ 0-1

[Event "FRA-ch Blitz Online Qual"]
[Site "Europe Echecs INT"]
[Date "2020.05.16"]
[Round "3"]
[White "Shchekachev, Andrei"]
[Black "Hutois, Mickael"]
[Result "1-0"]
[WhiteElo "2533"]
[BlackElo "2261"]
[PlyCount "117"]
[EventDate "2020.05.16"]
[EventType "swiss (blitz)"]
[EventRounds "15"]
[EventCountry "FRA"]
[SourceTitle "CBM 196 Extra"]
[Source "ChessBase"]
[SourceDate "2020.07.31"]
[SourceVersion "1"]
[SourceVersionDate "2020.07.31"]
[SourceQuality "1"]

1. Nf3 Nf6 2. c4 e6 3. Nc3 d5 4. d4 Bb4 5. g3 0-0 6. Bg2 Nc6 7. 0-0 dxc4 8. a3 Bxc3 9. bxc3 Ne4 10. Qc2 f5 11. a4 Qf6 12. Bf4 Rf7 13. h4 h6 14. h5 Qd8 15. Ne5 Nxe5 16. dxe5 Nc5 17. Be3 Qe7 18. a5 Bd7 19. a6 Rb8 20. axb7 a6 21. Rfb1 Bb5 22. Ra5 Nb3 23. Rxb3 cxb3 24. Qxb3 Qd7 25. Ra1 Bc6 26. Bxc6 Qxc6 27. Rb1 a5 28. Ba7 Rff8 29. Bxb8 Rxb8 30. f3 Kh7 31. Kg2 a4 32. Qb4 a3 33. Qxa3 Rxb7 34. Rd1 Rb8 35. Qe7 Re8 36. Qf7 Rg8 37. Qd7 Qc4 38. Qd3 Qc5 39. Qd4 Qc6 40. Kf2 Ra8 41. Rd3 Rb8 42. g4 fxg4 43. Qxg4 Kh8 44. Qg6 Rf8 45. Kg2 Qc4 46. Qg4 Qc5 47. Qd4 Qc6 48. Qd7 Qc4 49. Qe7 Rg8 50. Kf2 Ra8 51. Rd7 Rg8 52. Rxc7 Qd5 53. Qd6 Qa2 54. c4 Qb1 55. Qxe6 Qd1 56. Qf5 Qd4+ 57. Kg2 Qh4 58. e6 Re8 59. Rxg7 1-0

[Event "Europe Echecs online op March"]
[Site "Europe Echecs INT"]
[Date "2020.03.28"]
[Round "7"]
[White "Brunner, Nicolas"]
[Black "Hutois, Mickael"]
[Result "1-0"]
[WhiteElo "2427"]
[BlackElo "2299"]
[PlyCount "69"]
[EventDate "2020.03.28"]
[EventType "swiss (blitz)"]
[EventRounds "9"]
[EventCountry "FRA"]
[SourceTitle "EXT 2021"]
[Source "ChessBase"]
[SourceDate "2020.10.23"]
[SourceVersion "1"]
[SourceVersionDate "2020.10.23"]
[SourceQuality "1"]

1. d4 Nf6 2. c4 e6 3. Nf3 Bb4+ 4. Nbd2 0-0 5. a3 Be7 6. e4 d5 7. e5 Ne4 8. Bd3 f5 9. exf6 Nxd2 10. Bxd2 Bxf6 11. Qc2 g6 12. Bh6 Rf7 13. 0-0-0 Nc6 14. Kb1 Bg7 15. Bxg7 Rxg7 16. h4 Qf6 17. h5 g5 18. h6 Rf7 19. Qd2 g4 20. Ng5 Re7 21. Rh4 e5 22. cxd5 Nxd4 23. Rdh1 Bf5 24. Ne4 Qg6 25. Qe3 Rd8 26. Rh5 Kh8 27. Rg5 Qf7 28. Rg7 Qf8 29. Qg5 Rdd7 30. Rg8+ Qxg8 31. Qf6+ Rg7 32. Qxe5 Qxd5 33. hxg7+ Kg8 34. Nf6+ Kf7 35. g8Q# 1-0

[Event "Europe Echecs online op March"]
[Site "Europe Echecs INT"]
[Date "2020.03.28"]
[Round "9"]
[White "Guezennec, Franck"]
[Black "Hutois, Mickael"]
[Result "1-0"]
[WhiteElo "2285"]
[BlackElo "2299"]
[PlyCount "51"]
[EventDate "2020.03.28"]
[EventType "swiss (blitz)"]
[EventRounds "9"]
[EventCountry "FRA"]
[SourceTitle "EXT 2021"]
[Source "ChessBase"]
[SourceDate "2020.10.23"]
[SourceVersion "1"]
[SourceVersionDate "2020.10.23"]
[SourceQuality "1"]

1. e4 e5 2. Nf3 Nc6 3. d4 exd4 4. Nxd4 Qf6 5. Nxc6 Bc5 6. f4 Qxc6 7. Bd3 d6 8. Nc3 a6 9. Qf3 Nf6 10. h3 Be6 11. Bd2 0-0-0 12. 0-0-0 Ba7 13. g4 Bc4 14. g5 Nd7 15. Bxc4 Qxc4 16. b3 Qc6 17. Nd5 Kb8 18. Qc3 Qxc3 19. Bxc3 Rhg8 20. h4 c6 21. Ne7 Rge8 22. Nf5 g6 23. Nxd6 Re6 24. Nxf7 Be3+ 25. Kb1 Bxf4 26. Nxd8 1-0

[Event "Europe Echecs online op March"]
[Site "Europe Echecs INT"]
[Date "2020.03.28"]
[Round "2"]
[White "Hutois, Mickael"]
[Black "Shoker, Samy"]
[Result "0-1"]
[WhiteElo "2299"]
[BlackElo "2529"]
[PlyCount "80"]
[EventDate "2020.03.28"]
[EventType "swiss (blitz)"]
[EventRounds "9"]
[EventCountry "FRA"]
[SourceTitle "EXT 2021"]
[Source "ChessBase"]
[SourceDate "2020.10.23"]
[SourceVersion "1"]
[SourceVersionDate "2020.10.23"]
[SourceQuality "1"]

1. e4 g6 2. d4 Bg7 3. Nc3 d6 4. Nf3 a6 5. a4 Nc6 6. Bc4 Nf6 7. Ba2 Bg4 8. Be3 0-0 9. h3 Bxf3 10. Qxf3 Nd7 11. Rd1 e5 12. Ne2 Qe7 13. 0-0 Rae8 14. d5 Nd8 15. c4 f5 16. Bb1 f4 17. Bc1 Nf7 18. Qc3 g5 19. f3 h5 20. b4 b6 21. Kf2 Nh6 22. Ke1 g4 23. hxg4 hxg4 24. Kd2 a5 25. b5 Nc5 26. Bc2 Rf6 27. Rh1 Rg6 28. Rh2 Kf7 29. Rdh1 Rg8 30. Ba3 Nd7 31. Kc1 Kf8 32. Kb2 Ke8 33. Kb3 Nf7 34. Bc1 g3 35. Rh5 Rh8 36. Rxh8+ Nxh8 37. Bxf4 exf4 38. Rxh8+ Kf7 39. Qd2 Bxh8 40. Nxf4 Qg5 0-1

[Event "Cappelle rapid op 2nd"]
[Site "Cappelle la Grande"]
[Date "2020.02.29"]
[Round "2"]
[White "Nikolov, Momchil"]
[Black "Hutois, Mickael"]
[Result "1-0"]
[WhiteElo "2539"]
[BlackElo "2294"]
[PlyCount "99"]
[EventDate "2020.02.29"]
[EventType "swiss (rapid)"]
[EventRounds "9"]
[EventCountry "FRA"]
[SourceTitle "CBM 195 Extra"]
[Source "ChessBase"]
[SourceDate "2020.05.31"]
[SourceVersion "1"]
[SourceVersionDate "2020.05.31"]
[SourceQuality "1"]

1. d4 Nf6 2. c4 e6 3. Nc3 Bb4 4. Qc2 c5 5. dxc5 Na6 6. a3 Bxc3+ 7. Qxc3 Nxc5 8. f3 a5 9. e4 d6 10. Be3 b6 11. Rd1 Qc7 12. Ne2 e5 13. Qd2 Ke7 14. Nc3 Rd8 15. b4 Ne6 16. Nb5 Qc6 17. Be2 Ba6 18. 0-0 Rd7 19. Rc1 Qb7 20. Nc3 Qb8 21. Na4 Rb7 22. b5 Qc7 23. bxa6 Rbb8 24. Rb1 Nc5 25. Bxc5 dxc5 26. Nc3 Rxa6 27. Nd5+ Nxd5 28. cxd5 Ra7 29. Bb5 Qd6 30. Qc3 f6 31. a4 Rc7 32. Bc6 Ra7 33. Rb2 Qc7 34. Rfb1 Kd6 35. Rb5 Ra6 36. Qe3 Rf8 37. f4 h6 38. Rf1 Qe7 39. Qg3 Rg8 40. Rb2 exf4 41. Qxf4+ Qe5 42. Qf2 Rb8 43. Rfb1 Kc7 44. h3 Rd8 45. Kh1 Rb8 46. Qf3 Qg5 47. e5 Qxe5 48. Re2 Qd6 49. Re6 Qf8 50. d6+ 1-0